Una visión critica de la realidad centroamericana
Uloženo v:
| Médium: | Text |
|---|---|
| Jazyk: | Spanish |
| Vydáno: |
Quito, Ecuador:
ALAI
1981
|
| Témata: | |
| Tagy: |
Přidat tag
Žádné tagy, Buďte první, kdo vytvoří štítek k tomuto záznamu!
|
MARC
| LEADER | 00000 a a2200000 04500 | ||
|---|---|---|---|
| 001 | 18045 | ||
| 003 | CRAI/IIS | ||
| 005 | 20210611161128.0 | ||
| 008 | 210519b1981 ec ||||| |||| 00| 0 spa d | ||
| 040 | |a Centro de Recursos para el Aprendizaje y la investigación |b Español |c CRAI/IIS | ||
| 090 | |a REV0013 5 (17) 1981 (Boletín) | ||
| 245 | |a Una visión critica de la realidad centroamericana | ||
| 260 | |a Quito, Ecuador: |b ALAI |c 1981 | ||
| 500 | |a Colección Centroamérica | ||
| 650 | |a MOVIMIENTOS SOCIALES | ||
| 650 | |a REVOLUCION | ||
| 650 | |a MILITARISMO | ||
| 650 | |a CENTROAMERICA | ||
| 773 | |g volumen 5, número 17; (1981) páginas 201-203 | ||
| 773 | 0 | |0 42391 |9 3899 |a Agencia Latinoamericana de Información, ALAI |d Quito, Ecuador: ALAI |o 04436 |t ALAI: |x 08275564 (Servicio mensual de información y documentación) | |
| 942 | |2 ddc |c PP |h REV0013 5 (17) 1981 (Boletín) |6 REV0013_5_17_1981_BOLETÍN | ||
| 999 | |c 30531 |d 30531 | ||
